000
00337nam a2200133Ia 4500
008
151001s9999||||xx |||||||||||||| ||und||
100
_a
ना ह आपटे
245
_a
अजिंक्य तारा
250
_a
3
260
_b
आपटे आणि मंडळीÇ
260
_c
1949
300
_a
329
365
_b
7.5
999
_c
950482
_d
950479